Thai Numerals - Statistics

General Stats
  • This quiz has been taken 412 times
  • The average score is 8 of 10
Answer Stats
Hint Answer % Correct
0
90%
1
84%
3
82%
4
80%
5
80%
2
76%
6
76%
7
74%
8
74%
9
74%
No matching quizzes found
Score Distribution
Percent of People with Each Score
Percentile by Number Answered
Your Score History
You have not taken this quiz